Úlohou SBS je v prvom rade prevencia
Rozhovor s prezidentom stavovskej organizácie Slovenská komora súkromnej bezpečnosti o význame a činnosti komory, o právomoci SBS, o centralizovanej ochrane, o príčinách zániku bezpečnostných firiem, o úlohách komory do budúcnosti.
Salvato in:
| Autore principale: | |
|---|---|
| Altri autori: | |
| Natura: | Capitolo di libro |
| Lingua: | slovacco |
| Soggetti: | |
| Tags: |
Nessun Tag, puoi essere il primo ad aggiungerne!!
|
MARC
| LEADER | 00000naa a2200000 4500 | ||
|---|---|---|---|
| 001 | 0222405 | ||
| 005 | 20231113105624.6 | ||
| 041 | 0 | |a slo | |
| 044 | |a SK | ||
| 245 | 1 | 0 | |a Úlohou SBS je v prvom rade prevencia |c Milan Debnár, Imrich Vaváček |
| 520 | |a Rozhovor s prezidentom stavovskej organizácie Slovenská komora súkromnej bezpečnosti o význame a činnosti komory, o právomoci SBS, o centralizovanej ochrane, o príčinách zániku bezpečnostných firiem, o úlohách komory do budúcnosti. | ||
| 610 | 2 | 0 | |a služby bezpečnostné súkromné |
| 610 | 2 | 0 | |a firmy |
| 610 | 2 | 0 | |a ochrana majetku |
| 610 | 2 | 0 | |a organizácie |
| 100 | 1 | |a Debnár, Milan | |
| 700 | 1 | |a Vaváček, Imrich | |